Städte und Gemeinden im Main-Kinzig-Kreis mit Karte - Statistiken

Allgemein
  • Dieses Quiz wurde 126 mal gespielt
  • Das Durchschnittsergebnis liegt bei 15 aus 30
Antworten auf der Karte
Die Antworten werden auf der Karte rot bzw. grün angezeigt, abhängig davon wie oft sie richtig erraten wurden.
 
Antwortstatistiken
Stadt oder Gemeinde % Korrekt
Hanau
96%
Gelnhausen
86%
Maintal
73%
Bad Soden-Salmünster
70%
Bad Orb
68%
Schlüchtern
66%
Wächtersbach
60%
Steinau an der Straße
58%
Linsengericht
56%
Bruchköbel
53%
Langenselbold
53%
Freigericht
52%
Nidderau
52%
Erlensee
48%
Jossgrund
45%
Biebergemünd
44%
Gründau
44%
Rodenbach
44%
Sinntal
44%
Birstein
42%
Flörsbachtal
40%
Großkrotzenburg
40%
Schöneck
40%
Gutsbezirk Spessart
36%
Niederdorfelden
36%
Ronneburg
36%
Brachttal
34%
Hammersbach
30%
Hasselroth
29%
Neuberg
29%
Keine übereinstimmenden Quizze gefunden
Verteilung der Resultate
Anzahl Personen mit jedem Resultat
Perzentil nach korrekt beantworteten Fragen
Ihre Resultats-Entwicklung
Sie haben dieses Quiz noch nicht gespielt